00967nam a2200265 a 450000100060000000300080000600500170001400800410003102000150007203500190008704000320010604100080013808200260014624501110017226000540028330000260033749000380036350400360040152000930043765100410053065100380057165100290060970000250063883000380066364583BD-RjUL20211209081326.0170216s1974 nyu b 001 0 eng  a0379006197 a(BD-RjUL)64713 aDLCcDLCdDLCdBD-RjULbeng aeng00223a974.461bBOS 197800aBoston : ba chronological & documentary history, 1602-1970 /ccompiled and edited by George J. Lankevich. aDobbs Ferry, N.Y. :bOceana Publications,cc1974. avii, 152 p. ;c24 cm.0 aAmerican cities chronology series aInclude bibliography and index. aA chronology of important events in Boston's history accompanied by pertinent documents. 0aBoston (Mass.)xHistoryxChronology. 0aBoston (Mass.)xHistoryxSources. 1aBoston (Mass.)xHistory. aLankevich, George J. aAmerican cities chronology series